| 000 | 00946nam a22002537a 4500 | ||
|---|---|---|---|
| 005 | 20170124103041.0 | ||
| 010 | _a660853 | ||
| 020 | _c15.00 | ||
| 035 | _a660853 | ||
| 037 | _bCen Lib/Ret | ||
| 040 |
_aDPL _bHN |
||
| 082 |
_aउ _bओंकार |
||
| 100 |
_aओंकार राही _967328 |
||
| 245 |
_aशव-यात्रा / _cओंकार राही |
||
| 246 |
_aShav-yatra / _bby Onkar Rahi |
||
| 260 |
_aदिल्ली _bअक्षर प्रकाशन _c1972 |
||
| 270 |
_a2/36, अन्सारी रोड, दरियागंज _bदिल्ली _e110006 |
||
| 300 |
_a180पृ. _c20सेमी(सजिल्द ) |
||
| 650 |
_aहिंदी साहित्य _x _z _967329 |
||
| 650 |
_aहिंदी -- उपन्यास _967330 |
||
| 650 |
_aHindi literature _v _967331 |
||
| 650 |
_aHindi -- Fiction _927248 |
||
| 942 |
_2ddc _cHN _hउ _mओंकार |
||
| 999 |
_c116597 _d116597 |
||